| 000 | 00430nam a22001577a 4500 | ||
|---|---|---|---|
| 003 | OSt | ||
| 005 | 20240416105357.0 | ||
| 008 | 240416b |||||||| |||| 00| 0 eng d | ||
| 040 | _cMRSPTU | ||
| 100 | _aAjit Pal Singh (ਅਜੀਤ ਪਾਲ ਸਿੰਘ) | ||
| 245 | _aSehat Sambal ( ਸਿਹਤ ਸੰਭਾਲ) | ||
| 250 | _a1st | ||
| 260 |
_aPunjab _bTarkbharti Parkashan _c1998 |
||
| 300 | _a184 | ||
| 942 |
_2ddc _cBK _n0 |
||
| 999 |
_c10043 _d10043 |
||